| LEADER |
00730nam0a2200205 450 |
| 001 |
16841235 |
| 010 |
|
|
|a 978-2-211-32821-0
|b br.
|d 6,5
|
| 100 |
|
|
|a 20230103d2023 u u0frey01 ba
|
| 101 |
0 |
|
|a fre
|
| 102 |
|
|
|a FR
|
| 200 |
0 |
|
|a Cocorico Archie
|f Matthieu Sylvander, Perceval Barrier
|
| 207 |
|
1 |
|a
|
| 210 |
|
|
|a Paris
|b 11, Rue de Sèvres
|c L'école des loisirs
|d 2023
|
| 215 |
|
|
|a 1 vol. (43 p.)
|c ill. en coul.
|d 19 cm
|
| 300 |
|
|
|a Fait suite à :'Archie à vélo', ISBN 978-2-211-31287-5
|
| 700 |
|
0 |
|a Sylvander
|b Matthieu
|f 1969-....
|4 70
|
| 701 |
|
0 |
|a Barrier
|b Perceval
|4 70
|
| 900 |
|
|
|a Roman enfant
|
| 901 |
|
|
|a Accessible au prêt
|
| 995 |
|
|
|a Bibliothèque
|c Bibliothèque
|f 024023175
|h 024023175
|k E C2 SYL
|o p
|q j
|r az
|e Bibliothèque
|